| 000 | 00370nam a2200145Ia 4500 | ||
|---|---|---|---|
| 008 | 230917s9999||||xx |||||||||||||| ||und|| | ||
| 040 |
_e84140 _aMAIN |
||
| 041 | _aEnglish | ||
| 082 | _a658.4 G346O | ||
| 100 | _aGhosh, Asit K | ||
| 245 | 0 | _aOrganisational theory and behaviour | |
| 260 |
_aNew Delhi _bAnmol Publications _c1991 |
||
| 300 | _aviii, 267 p. | ||
| 942 | _cBK | ||
| 999 |
_c70843 _d70843 |
||